01123 2200277 4500001002100000005001500021035002000036007000300056008004100059020002200100082001000122084001900132100002800151245008200179250003500261300004100296650003700337650001000374264003600384336002100420337003000441338002300471520031900494990001600813990001600829INLIS00000000116377720240320115046 a0010-0324000033ta240320 g | ind  a978-623-02-0344-2 a910.2 aSR 910.2 ROB d0 aRobby Binarwanepenulis1 aDaya tarik kampung Baduy :bsebagai destinasi wisata budaya /cRobby Binarwan aCetakan Pertama: November 2019 ax, 114 halaman :bilustrasi ;c20 cm 4aIndustri pariwisata -- Indonesia 4aBaduy aYogyakarta :bDeepublish,c2019 2rdacontentaTeks 2rdamediaaTanpa perantara 2rdacarrieraVolume aKampung Baduy dapat menjadi contoh kampung pelestarian alam karena masyarakatnya sangat menjaga keseimbangan dan keselarasan dengan alam dan tidak merusak kelestarian alam. Adanya pelibatan masyarakat dan terjalinnya hubungan dengan instansi pemerintah menjadikan kampung Baduy menjadi daerah tujuan wisata budaya. a52688.65508 a52688.65508